| 000 | 00321nam a2200121Ia 4500 | ||
|---|---|---|---|
| 008 | 190216s9999||||xx |||||||||||||| ||und|| | ||
| 100 | _aVallathol Narayanamenon
 | ||
| 245 | 0 | _aBathiravilapam | |
| 260 |
_b"Vallathol Grandhalayam, Cheruthuruthi" _c1964 |
||
| 300 | _a15p | ||
| 650 | _aMalayalam Kavitha | ||
| 942 | _cBK | ||
| 999 |
_c23866 _d23866 |
||